Najpopularniejsi raperzy w tym tygodniu . 22-28.01 - Statystyki

Ogólne statystyki
  • Ten quiz został rozwiązany 32 razy
  • Średni wynik to 7 z 15
Statystyki odpowiedzi
Miejsce w poprzednim tygodniu Wyświetlenia Raper % Poprawnych
#1 7.20M Bedoes
87%
#3 8.39M Szpaku
71%
#10 3.32M Quebonafide
68%
#11 3.06M Żabson
65%
#6 4.29M Sobel
61%
#14 2.54M White 2115
61%
#5 4.14M Kizo
55%
#7 4.44M Tymek
52%
#13 2.76M Malik Montana
45%
#2 6.27M Guzior
42%
#9 3.74M Kabe
32%
#12 3.22M Paluch
32%
#8 4.12M Kali
23%
#23 2.68M KęKę
16%
#4 4.40M Major SPZ
10%
Nie znaleziono quizów pasujących do podanych kryteriów
Rozkład punktacji
Procent ludzi z każdym wynikiem
Percentyl według liczby udzielonych odpowiedzi
Twoja historia wyników
Nie rozwiązałeś tego quizu